|
|
|
|
| LEADER |
00000nam a2200000 a 4500 |
| 001 |
vtls008828854 |
| 003 |
SK-MaSNL |
| 005 |
20260301124143.0 |
| 008 |
210928s1978 xo a f 000 0 slo |
| 020 |
|
|
|q (viaz.)
|
| 040 |
|
|
|a SNK
|b slo
|c SNK
|e AACR2
|
| 041 |
0 |
|
|a slo
|
| 044 |
|
|
|a xo
|c SK
|
| 072 |
|
7 |
|a 27-1/-2
|x Kresťanská teológia. Dogmatická teológia
|2 konspekt
|
| 080 |
|
|
|a 27-184.3
|2 2001
|
| 080 |
|
|
|a 27-282.4
|2 2001
|
| 080 |
|
|
|a 27-47
|2 2001
|
| 080 |
|
|
|a 272/1-9
|2 2001
|
| 080 |
|
|
|a 27-534.35
|2 2001
|
| 080 |
|
|
|a (075)
|2 2001
|
| 245 |
0 |
0 |
|a Katechizmus
|b učebnica rím. kat. náboženskej výchovy
|c [ilustroval: J. Nagy]
|
| 250 |
|
|
|a 5. vyd.
|
| 260 |
|
|
|a Bratislava
|b Cirkevné nakladateľstvo
|c 1978
|
| 300 |
|
|
|a 293 s.
|b ilustr.
|c 21 cm
|
| 500 |
|
|
|a Vyd. pre Spolok sv. Vojtecha v Trnave
|
| 650 |
0 |
7 |
|a katolícka viera
|2 SNKPH
|9 4023
|
| 650 |
0 |
7 |
|a katechizmy
|2 SNKPH
|9 37059
|
| 650 |
0 |
7 |
|a kresťanská výchova
|2 SNKPH
|9 63301
|
| 650 |
0 |
7 |
|a učenie katolíckej cirkvi
|2 SNKPH
|9 64342
|
| 650 |
0 |
7 |
|a kresťanská modlitba
|2 SNKPH
|9 2009
|
| 655 |
|
7 |
|a učebnice
|2 SNKPH
|9 22521
|
| 700 |
1 |
|
|a Nagy, J.
|4 ill
|9 466423
|
| 958 |
|
|
|a OND
|
| 999 |
|
|
|c 738638
|d 740568
|
| 952 |
|
|
|a SNK
|b SNK
|y PREZ
|7 0
|p 17A0516134
|o snkSC 124142
|i snk2006/13457
|8 3
|g 16.60
|0 0
|1 0
|4 0
|d 2006-07-06
|l 0
|r 2025-06-05 00:00:00
|w 2026-02-23
|